00297nam a2200097Ia 4500008004000000082001800040100002200058245007000080260004200150300000700192210210b1969 xxu||||| |||| 00| 0 eng d a364.1322 DUTV aDUTTA (Nilanjan). aViolation of democratic rights in West Bengal since independence. aBombaybC G Shah memorial trustc1969 a34